00980nam a22002297a 450000500170000000800410001702000180005804000270007604100080010304400070011108200170011811000480013524501870018325000230037026001000039330000700049365000370056365000440060065000220064465100450066671000390071120200103082742.0200103b xxu||||| |||| 00| 0 spa d a9789588513720 aCO-BoIAVH cCO-BoIAVH  aspa ack a307.12bA31g aÁrea Metropolitana del Valle de Aburrá. aLa gestión del suelo en el cinturón verde metropolitanobManual práctico para servidores públicoscÁrea Metropolitana Valle de Aburrá y Universidad Pontificia Bolivariana aPrimera edición. aMedellín,bÁrea Metropolitana Valle de Aburrá,bUniversidad Pontificia Bolivariana,c2014 a62 páginasbIlustraciones, mapas y fotografías.c21.5 x 14 cm 0aPlanificación urbanazColombia 0aDesarrollo urbanozAntioquia (Colombia) 0aEstudio de suelos aValle de Aburráz(Antioquia, Colombia)2 aUniversidad Pontificia Bolivariana